MDQL
is popping MORE tags! Check the
thread
!
Quizzes
Events
Quiz Creation
Community
Videos
Private Events
Remove Ads
Sign In
Join for FREE
Feedback
Dark Mode
Quiz Categories
Sports
Geography
Music
Movies
Television
Just For Fun
Miscellaneous
History
Literature
Language
Science
Gaming
Entertainment
Religion
Holiday
For Kids
Quiz Lab
Recent
Popular Today
Quiz Kudos Today
Editor Picks
Curator Picks
Quizzes by...
Day
Popularity
Type
Ratings
Length
Year
Community
Subscriptions
Recent Discussions
Orange Saloon
Badges
Playlists
Quests
Create
Leaderboards
Showdown
Live 5
Trivia Bingo
Activity
Puzzle Library
Sporcle Events
Private Events
Virtual Trivia
Globe League
Become a Host
Pub Owners
SporcleCon
Opinionation
Our Games
Videos
Blog
Mobile Apps
Partnerships
Remove Ads and Go Orange
Feedback
Entertainment
Celebrity
Famous
Musical
Broadway
Show
Quote
Comic Books
Anime
Superhero
DC Comics
Marvel
Cartoons
Animation
Entertainment
Celebrity
Famous
Musical
Broadway
Show
Quote
Comic Books
Anime
Superhero
DC Comics
Marvel
Cartoons
Animation
Random Quiz
Search Sporcle
×
Quiz Lab
Quiz Lab
Entertainment
Anime
Type in answers that appear in a list
Type in answers that appear in a list
Classic
Best Score? Go Orange.
Fairy tail characters by their magic Stats
Can you name the Fairy tail characters by their magic
By
MeitanteiChrist
12m
75 Questions
5,837 Plays
5,837 Plays
5,837 Plays
Comments
Comments
Give Quiz Kudos
Give Quiz Kudos
-
- Ratings
hide this ad
More Info
Replay
Link that replays current quiz
Next Quiz
Link to next quiz in quiz playlist
You Got
0%
They Got
Avg Score
65%
Avg Friend Score
Upgrade to see
Score Distribution
Jump to the score distribution portion of the page
Score
0/75
Timer
12:00
0
Plays Today
Magic
Name
% Correct
Fire Dragon Slayer Magic
Natsu
98.9%
Sky Dragon Slayer Magic
Wendy
97.3%
Iron Dragon Slayer Magic
Gajeel
95.9%
Lightning Dragon Slayer Magic
Laxus
94.8%
Celestial Spirit Magic
Lucy
93.7%
Requip Magic
Erza
93%
Ice-
Make Magic
Gray
92.3%
White Dragon Slayer Magic
Sting
91%
Water Magic
Juvia
88.9%
Shadow Dragon Slayer Magic
Rogue
87.3%
Poison Dragon Slayer Magic
Cobra
85.7%
Ice-
Make Magic
Ul
84.7%
Aera
Happy
84.2%
Aera
Carla
82.8%
Ice-
Make Magic
Lyon
82.3%
Take Over Magic
Mirajane
82%
Take Over Magic
Elfman
81.9%
Card Magic
Cana
80.3%
Snow Magic
Eve
79.7%
Aera
Pantherlily
79.7%
Guns Magic
Bisca
79.7%
Celestial Spirit Magic
Yukino
78.9%
Take Over Magic
Lisanna
78.7%
Letter Magic (Solid Script)
Levy
77.9%
Fairy Sphere
Mavis
77.4%
Stone Eyes
Evergreen
76.8%
Fairy Law
Makarov
75.6%
Guns Magic
Alzack
74.4%
Regulus
Leo
73.4%
Celestial Spirit Magic
Angel
73.3%
Letter Magic (Dark Écriture)
Freed
73.1%
Arc of Time
Ultear
69.9%
Heavenly Body Magic
Jellal
69%
High Speed
Jet
68.8%
Rainbow Fire Magic
Romeo
68.8%
Crash
Gildarts
68.7%
Death Magic
Zeref
66.7%
Memory-
Make Magic
Rufus
66.4%
Magic
Name
% Correct
Plant Magic
Droy
65.6%
Perfume Magic
Ichiya
64.6%
Archive
Hibiki
63.6%
Earth Magic
Jura
63.4%
Wool Magic
Aries
62.8%
Purple Flare
Macao
62.7%
Water Magic
Aquarius
62%
Grimoire Law
Hades
61.8%
Telepathy
Warren
60.7%
Seith Magic
Bickslow
60.3%
Sleep Magic
Mystogan
60.2%
Air Magic
Ren
58.1%
Sky God Slayer Magic
Chelia
56.6%
Celestial Spirit Magic
Karen
54.1%
Flame God Slayer Magic
Zancrow
51.5%
Lightning God Slayer Magic
Orga
51%
Copy Magic
Gemini
50.1%
Gravity Magic
Kagura
49.8%
Territory
Minerva
49.1%
Gravity Magic
Libra
48.9%
Maguilty Sense
Meredy
48.8%
Take Over Magic
Jenny
48.5%
Slowing Magic
Racer
48.2%
Reflector
Midnight
47.8%
Sand Magic
Scorpio
47.3%
Earth Magic
Virgo
46.3%
Water Magic
Pisces
40%
Great Tree Arc
Azuma
39.7%
Earth Magic
Hoteye
38.8%
Earth Magic
Sol
37.6%
Wave
Yuka
37.2%
Rainbow Fire Magic
Totomaru
34.4%
Air Magic
Aria
33.8%
Arc of Embodiment
Rustyrose
33.7%
Gravity Magic
Bluenote
33%
Air Magic
Erigor
29.2%
Shadow Magic
Kageyama
22.5%
Quiz Playlist
Details
Report
Send in Message
Add To Playlist
More Info:
magic referece from http://fairytail.wikia.com
Classic:
Type in answers that appear in a list
Quiz Source
Last Updated: Jul 3, 2018
Quiz Scoreboard
CHALLENGE
Sign Up to Join the Scoreboard
Show All
Scores
Hide
Comments
May contain spoilers
Recently Published
Image Sorting: Flags VI
by Barbecue
Geography
2m
Find the 'City' Movie
by crazypaving
Movies
60s
Colored Red Africa Blitz
by spor1
Geography
45s
More to Explore
Quiz From the Vault
Featured Blog Post
14 Easter Pick-up Lines to Find Eggs With
hide this ad
You Might Also Like...
Tags
Anime Quiz
Anime Characters
Character
Fairy
magic
tail
Today's Top Quizzes in Entertainment
Browse Entertainment
hide this ad
Today's Top Quizzes in Anime
Browse Anime
Top Contributed Quizzes in Entertainment
1
Marvel Classic Character Map
2
Dragon Ball Z: Goku's Fights in Order
3
Marvel Characters Bunker
4
JoJo's Bizarre Logic Quiz
5
Harry Styles-Are you no.1 fan
6
Sorting Pictures: Villains
7
This is Your Life: Edward Elric
8
Celebrity Spelling Bee
9
This is Your Life: Itachi Uchiha
10
BOYS PLANET Quiz
Explore More
Trending Topics
Harry Potter
Marvel
Kpop
Crossword
NBA
Disney
Anime
Pokémon
The Office
Country
WWE
Puzzle
Song
Soccer
NFL
hide this ad
More By:
MeitanteiChrist
Quiz
Plays
Rating
Category
Featured
Created
Fairy tail characters by their magic
5,837
4.75
Entertainment
May 24, 2014
List of Pokémon gen 1 by color (RED)
164
3.50
Gaming
May 25, 2014
Mixed Word : Pokemon(gen 1)
152
5.00
Gaming
May 25, 2014
List of Pokémon gen 1 by color (BLUE)
133
5.00
Gaming
May 25, 2014
List of Pokémon gen 1 by color (Purple)
121
5.00
Gaming
May 25, 2014
Go to Creator's Profile
Score Distribution
Quiz Creator Spotlight
MeitanteiChrist
Follow
Send a Message
Quizzes Created
-
Created Quiz Play Count
-
More By This Creator
Popular Quizzes Today
1
Colored Red Africa Blitz
2
Find the US States - No Outlines Minefield
3
Find the 'City' Movie
4
5x2 Blitz: Bands
5
The Countries of the World
6
Find the US States
7
Find the Countries of Europe - No Outlines Minefield
8
US States
More Entertainment Quizzes
Naruto Deaths in Order Minefield
Quiz Lab
Trending Quizzes
Colored Red Europe Blitz I
Colored Red Europe Blitz II
Colored Red Africa Blitz II
Colored Red Europe Blitz III
Colored Red Africa Blitz III
Recently Updated
How Do You Spell That?
pecheneg
Godzilla Movies
pecheneg
Grab Bag: 4-10 Letters
pecheneg
2024 March Madness Bracket
pecheneg
Famous TV Couples
Peacemaker
Champions League XIs: Real Madrid
pecheneg
Largest US Cities 1790-2010
pecheneg
Rides in Walt Disney World
pecheneg
Most Oscar Losses (Acting)
pecheneg
Beyoncé Albums
pecheneg
Trending Topics
Crossword
Harry Potter
Marvel
Kpop
NBA
Anime
Disney
NFL
Country
The Office
Pokémon
Soccer
Song
Puzzle
WWE
Your Account Isn't Verified!
In order to create a playlist on Sporcle, you need to verify the email address you used during registration. Go to your
Sporcle Settings
to finish the process.
Report this User
Report this user for behavior that violates our
Community Guidelines
.
Details:
Send Report
Go to the Sporcle.com Mobile Site →
Comments